Classic Arcade Video Games 1979-1984 - Statistics

General Stats
  • This quiz has been taken 889 times
    572 since last reset
  • The average score is 12 of 58
Answer Stats
Hint Answer % Correct
1980 Pac-Man
95%
1981 Donkey Kong
78%
1978 Space Invaders
66%
1981 Ms Pac-Man
58%
1981 Galaga
55%
1979 Asteroids
52%
1980 Centipede
47%
1983 Mario Bros
47%
1982 Dig Dug
41%
1981 Frogger
41%
1982 Q Bert
37%
1982 Pole Position
30%
1979 Galaxian
29%
1982 Joust
28%
1981 Defender
27%
1983 Star Wars
26%
1980 Missile Command
23%
1982 BurgerTime
22%
1984 Punch Out
22%
1982 Tron
22%
1984 Paperboy
19%
1982 Zaxxon
19%
1981 Tempest
17%
1983 Dragon's Lair
16%
1983 Mappy
16%
1983 Spy Hunter
16%
1982 Popeye
15%
1983 Tapper
15%
1982 Moon Patrol
14%
1984 1942
13%
1980 Berzerk
13%
1982 Robotron 2084
13%
1982 Xevious
13%
1980 Battlezone
12%
1982 Jungle King/Jungle Hunt
12%
1983 Track and Field
12%
1982 Donkey Kong Junior
11%
1981 QIx
10%
1980 Rally X
10%
1983 Crystal Castles
9%
1983 Elevator Action
9%
1981 Gorf
9%
1982 Pengo
9%
1984 Karate Champ
8%
1984 Kung-Fu Master
8%
1982 Kangaroo
7%
1979 Lunar Lander
7%
1980 Phoenix
7%
1981 Scramble
7%
1982 Star Trek
7%
1983 Gyruss
6%
1983 Sinistar
6%
1980 Wizard of Wor
6%
1981 Vanguard
5%
1982 Gravitar
4%
1980 Star Castle
4%
1982 Time Pilot
4%
1982 Front Line
3%
No matching quizzes found
Score Distribution
Percent of People with Each Score
Percentile by Number Answered
Your Score History
You have not taken this quiz since the last reset